| 000 | 00457 a2200157 4500 | ||
|---|---|---|---|
| 003 | OSt | ||
| 005 | 20240208105224.0 | ||
| 008 | 240208b |||||||| |||| 00| 0 eng d | ||
| 020 | _a9781626862487 | ||
| 040 | _cOCLC | ||
| 082 |
_a793.73 _bTHU/E |
||
| 245 | _aExtereme spot the difference cities of the world / | ||
| 260 |
_aSan Diego, _bTaylor Publishing Group, |
||
| 300 | _a176p. | ||
| 942 |
_2ddc _cBK _h793.73 _iTHU/E _k793.73 _mTHU/E |
||
| 999 |
_c44380 _d44380 |
||